[Event "European Blitz Championship 2021"]
[Site "Katowice"]
[Date "2021.12.17"]
[Round "18.16"]
[White "Tymrakiewicz, Rafal"]
[Black "Janik, Igor"]
[Result "0-1"]
[WhiteElo "2172"]
[BlackElo "2508"]
[Annotator "ChessBase"]
[PlyCount "66"]
[EventDate "2021.12.17"]
[EventType "swiss"]
[EventCountry "POL"]
[SourceTitle "playchess.com"]
[Source "ChessBase"]
[SourceQuality "1"]

1. e4 c6 2. d4 d5 3. exd5 cxd5 4. c4 Nf6 5. Nc3 e6 6. Nf3 Bb4 7. Bd3 dxc4 8.
Bxc4 O-O 9. O-O a6 10. Qe2 b5 11. Bd3 Bb7 12. Bg5 Be7 13. Rad1 Nbd7 14. Ne5 h6
15. Bc1 Nb6 16. Rfe1 Rc8 17. Ng6 Re8 18. Ne5 Bb4 19. a3 Bxc3 20. bxc3 Nbd5 21.
Qf3 Rxc3 22. Qg3 Rxc1 23. Rxc1 Qb6 24. Red1 Rd8 25. Rc5 Ne7 26. Rdc1 Rxd4 27.
Rc7 Nf5 28. Bxf5 Qxc7 29. Qe3 Qd6 30. Bc2 Be4 31. Bb3 Qxe5 32. Rc8+ Kh7 33. f4
Qd6 0-1

[Event "European Blitz Championship 2021"]
[Site "Katowice"]
[Date "2021.12.17"]
[Round "18.17"]
[White "Starek, Stanislav"]
[Black "Bernadskiy, Vitaliy"]
[Result "0-1"]
[WhiteElo "2159"]
[BlackElo "2592"]
[Annotator "ChessBase"]
[PlyCount "44"]
[EventDate "2021.12.17"]
[EventType "swiss"]
[EventCountry "POL"]
[SourceTitle "playchess.com"]
[Source "ChessBase"]
[SourceQuality "1"]

1. d4 Nf6 2. Nf3 g6 3. Nc3 d6 4. Bg5 Nbd7 5. Qd2 h6 6. Bf4 c5 7. e3 Nh5 8. Bg3
Bg7 9. Be2 O-O 10. Bh4 b6 11. g4 Nhf6 12. g5 hxg5 13. Bxg5 Bb7 14. Rg1 a6 15.
d5 b5 16. h4 b4 17. Nd1 Bxd5 18. e4 Bxe4 19. Bh6 Bxf3 20. Bxf3 Ne5 21. Bh1 Qd7
22. Bxg7 Kxg7 0-1

[Event "European Blitz Championship 2021"]
[Site "Katowice"]
[Date "2021.12.17"]
[Round "18.17"]
[White "Sokolowski, Jacek"]
[Black "Kowalczyk, Rafal"]
[Result "0-1"]
[WhiteElo "2043"]
[BlackElo "2252"]
[Annotator "NA"]
[PlyCount "54"]
[EventDate "2021.12.17"]
[EventType "swiss"]
[EventCountry "POL"]
[SourceTitle "playchess.com"]
[Source "ChessBase"]
[SourceQuality "1"]

1. e4 e5 2. Nc3 Nf6 3. g3 d5 4. exd5 Nxd5 5. Bg2 Nxc3 6. bxc3 Bc5 7. Nf3 Nc6 8.
O-O O-O 9. Re1 Qd6 10. d3 Bg4 11. h3 Be6 12. Ng5 Bd5 13. Ne4 Bxe4 14. Bxe4 f5
15. Bg2 Rae8 16. Be3 f4 17. Bxc5 Qxc5 18. d4 Qxc3 19. dxe5 fxg3 20. fxg3 Qxg3
21. Rb1 Nxe5 22. Rf1 Rxf1+ 23. Qxf1 Rf8 24. Rxb7 Rxf1+ 25. Kxf1 Qf4+ 26. Kg1
Nf3+ 27. Kf1 Nh4+ 0-1

[Event "European Blitz Championship 2021"]
[Site "Katowice"]
[Date "2021.12.17"]
[Round "18.18"]
[White "Andersen, Mads"]
[Black "Szpar, Milosz"]
[Result "0-1"]
[WhiteElo "2575"]
[BlackElo "2285"]
[Annotator "ChessBase"]
[PlyCount "112"]
[EventDate "2021.12.17"]
[EventType "swiss"]
[EventCountry "POL"]
[SourceTitle "playchess.com"]
[Source "ChessBase"]
[SourceQuality "1"]

1. d4 Nf6 2. c4 e6 3. Nf3 c5 4. d5 exd5 5. cxd5 d6 6. Nc3 g6 7. Nd2 Nbd7 8. e4
Bg7 9. Be2 O-O 10. O-O Re8 11. a4 Ne5 12. Ra3 g5 13. Re1 h6 14. Nf1 Ng6 15. Ng3
Bd7 16. Qc2 Qa5 17. Bd2 Nf4 18. Nb5 Qb6 19. Bf1 Bf8 20. a5 Qd8 21. Nc3 Ng4 22.
Nd1 Bg7 23. h3 Ne5 24. Ne3 b5 25. axb6 axb6 26. Rxa8 Qxa8 27. Ngf5 Bf8 28. g3
Nf3+ 29. Kh1 Nxe1 30. Bxe1 Ng6 31. Bc3 h5 32. Bf6 Qa4 33. Qxa4 Bxa4 34. Bxg5
Rxe4 35. Bd3 Rb4 36. Bf6 Ne5 37. Bxe5 dxe5 38. Nc4 e4 39. Bf1 b5 40. Nb6 Rxb2
41. d6 Rd2 42. d7 c4 43. Ne3 Bc5 44. Nbd5 Bb6 45. Nxb6 Rd6 46. Nf5 Rd1 47. Kg2
b4 48. Nxa4 c3 49. Nc5 c2 50. Nxe4 c1=Q 51. Nf6+ Kh8 52. Be2 Rg1+ 53. Kf3 Qc6+
54. Ne4 Qxd7 55. g4 b3 56. Bc4 b2 0-1

[Event "European Blitz Championship 2021"]
[Site "Katowice"]
[Date "2021.12.17"]
[Round "18.18"]
[White "Kastelik, Adrian"]
[Black "Czernek, Tymon"]
[Result "1-0"]
[WhiteElo "2248"]
[BlackElo "2197"]
[Annotator "NA"]
[PlyCount "115"]
[EventDate "2021.12.17"]
[EventType "swiss"]
[EventCountry "POL"]
[SourceTitle "playchess.com"]
[Source "ChessBase"]
[SourceQuality "1"]

1. d4 Nf6 2. c4 g6 3. Nc3 Bg7 4. e4 d6 5. Nf3 O-O 6. Be2 e5 7. dxe5 dxe5 8.
Qxd8 Rxd8 9. Bg5 c6 10. Nxe5 Re8 11. O-O-O Na6 12. Rd6 Nxe4 13. Nxe4 Bxe5 14.
Nf6+ Bxf6 15. Bxf6 Bf5 16. Bd3 Bxd3 17. Rxd3 Nc5 18. Rf3 Re2 19. Rd1 Rae8 20.
Bd4 Ne4 21. Re3 Rxe3 22. Bxe3 b6 23. Rd7 Ra8 24. f3 Nf6 25. Rd6 Re8 26. Bxb6
axb6 27. Rxf6 Re2 28. Rxc6 Rxg2 29. Rxb6 Rxh2 30. a4 Rh1+ 31. Kc2 Ra1 32. c5
Kf8 33. c6 Ke7 34. Rb7+ Kd6 35. c7 Kd7 36. Kb3 h5 37. c8=Q+ Kxc8 38. Rxf7 h4
39. Rh7 g5 40. Rh5 Rg1 41. f4 gxf4 42. Rxh4 Rf1 43. Kb4 f3 44. Rf4 Kc7 45. Ka5
f2 46. b4 Kd6 47. b5 Ke5 48. Rf8 Kd6 49. b6 Kc6 50. Ka6 Rb1 51. Rf6+ Kc5 52.
Rf5+ Kc6 53. Rf6+ Kc5 54. Rf5+ Kc6 55. Rf6+ Kc5 56. b7 Rb6+ 57. Rxb6 f1=Q+ 58.
Rb5+ 1-0

[Event "European Blitz Championship 2021"]
[Site "Katowice"]
[Date "2021.12.17"]
[Round "18.19"]
[White "Bauer, Thomas"]
[Black "Wikar, Martyna"]
[Result "1-0"]
[WhiteElo "2204"]
[BlackElo "2168"]
[Annotator "NA"]
[PlyCount "45"]
[EventDate "2021.12.17"]
[EventType "swiss"]
[EventCountry "POL"]
[SourceTitle "playchess.com"]
[Source "ChessBase"]
[SourceQuality "1"]

1. e4 c5 2. Nf3 Nc6 3. Bb5 d6 4. O-O Bd7 5. c3 Nf6 6. Qe2 a6 7. Bxc6 Bxc6 8. d4
Bxe4 9. Bg5 Bxf3 10. Qxf3 Qc7 11. dxc5 Qxc5 12. Qxb7 Qd5 13. Qc7 Nd7 14. Be3 g6
15. c4 Qf5 16. Nc3 Bg7 17. Nd5 Rd8 18. Qc6 Be5 19. Bh6 e6 20. Nc7+ Ke7 21. Be3
Rc8 22. f4 Bg7 23. Rad1 1-0

[Event "European Blitz Championship 2021"]
[Site "Katowice"]
[Date "2021.12.17"]
[Round "18.20"]
[White "Baum, Jonasz"]
[Black "Vetoshko, Volodymyr"]
[Result "0-1"]
[WhiteElo "2157"]
[BlackElo "2525"]
[Annotator "ChessBase"]
[PlyCount "62"]
[EventDate "2021.12.17"]
[EventType "swiss"]
[EventCountry "POL"]
[SourceTitle "playchess.com"]
[Source "ChessBase"]
[SourceQuality "1"]

1. d4 d5 2. c4 e6 3. Nc3 a6 4. cxd5 exd5 5. Nf3 Nf6 6. Bg5 Be6 7. e3 Nbd7 8.
Bd3 Bd6 9. Qc2 c6 10. h3 Qc7 11. O-O h6 12. Bxf6 Nxf6 13. Rac1 O-O 14. Na4 Rae8
15. Nc5 Bc8 16. b4 Qe7 17. a4 Ne4 18. b5 axb5 19. axb5 Ng5 20. Be2 Qf6 21. bxc6
bxc6 22. Nh2 Nxh3+ 23. gxh3 Bxh3 24. Kh1 Qh4 25. Rg1 Bf5 26. Rg2 Bxc2 27. Rxc2
Ra8 28. Rc1 Ra2 29. Bf3 Rxf2 30. Rxf2 Qxf2 31. Bg2 Qh4 0-1

[Event "European Blitz Championship 2021"]
[Site "Katowice"]
[Date "2021.12.17"]
[Round "18.20"]
[White "Kolasa, Pjotrs"]
[Black "Dudzinski, Pawel"]
[Result "1-0"]
[WhiteElo "2020"]
[BlackElo "2193"]
[Annotator "NA"]
[PlyCount "89"]
[EventDate "2021.12.17"]
[EventType "swiss"]
[EventCountry "POL"]
[SourceTitle "playchess.com"]
[Source "ChessBase"]
[SourceQuality "1"]

1. Nf3 g6 2. c4 Bg7 3. Nc3 e5 4. d4 exd4 5. Nxd4 d6 6. e4 Nc6 7. Be3 Nf6 8. Be2
O-O 9. O-O Bd7 10. Qd2 Ng4 11. Bxg4 Bxg4 12. Nxc6 bxc6 13. f3 Be6 14. b3 Re8
15. Rad1 c5 16. Nd5 a5 17. Bg5 f6 18. Bh4 g5 19. Bg3 f5 20. exf5 Bxf5 21. Rfe1
Bg6 22. Rxe8+ Bxe8 23. Re1 Bf7 24. Ne7+ Kh8 25. Qxg5 Qf8 26. Nf5 Re8 27. h4
Rxe1+ 28. Bxe1 Be6 29. Nxg7 Qxg7 30. Qd8+ Bg8 31. Bf2 h6 32. Kh2 Kh7 33. Kg1
Qa1+ 34. Kh2 Qg7 35. Bg3 a4 36. bxa4 Bxc4 37. a5 d5 38. Bxc7 d4 39. Bd6 d3 40.
Bf8 Qf7 41. Bxc5 Bd5 42. Be3 Qe6 43. Qc7+ Kg6 44. Qf4 Bxa2 45. Qxh6+ 1-0

[Event "European Blitz Championship 2021"]
[Site "Katowice"]
[Date "2021.12.17"]
[Round "18.21"]
[White "Dragnev, Valentin"]
[Black "Praczukowski, Stanislaw"]
[Result "1-0"]
[WhiteElo "2548"]
[BlackElo "2069"]
[Annotator "ChessBase"]
[PlyCount "79"]
[EventDate "2021.12.17"]
[EventType "swiss"]
[EventCountry "POL"]
[SourceTitle "playchess.com"]
[Source "ChessBase"]
[SourceQuality "1"]

1. e4 c5 2. Nf3 d6 3. d4 cxd4 4. Nxd4 Nf6 5. Nc3 a6 6. Be2 e5 7. Nb3 Be7 8. Be3
Be6 9. Qd3 Nbd7 10. Nd5 Bxd5 11. exd5 O-O 12. g4 Nb6 13. c4 Nfd7 14. h4 Rc8 15.
Nd2 Na4 16. Qa3 b5 17. cxb5 axb5 18. Bxb5 Nac5 19. b4 Ra8 20. Qb2 Na4 21. Qb3
Ndb6 22. Bc6 Ra6 23. Qd3 Ra7 24. h5 Bg5 25. Ne4 Bxe3 26. Qxe3 Nb2 27. h6 g6 28.
g5 N2c4 29. Qe2 Ra3 30. Rc1 Qb8 31. Rxc4 Nxc4 32. Qxc4 Qa7 33. O-O Rxa2 34.
Nxd6 Rd2 35. Ne4 Rd4 36. Nf6+ Kh8 37. Qc5 Qb8 38. Qe7 Qxb4 39. Qxe5 Rg4+ 40.
Nxg4+ 1-0

[Event "European Blitz Championship 2021"]
[Site "Katowice"]
[Date "2021.12.17"]
[Round "18.21"]
[White "Pavlidou, Ekaterini"]
[Black "Bognar, Csaba"]
[Result "1-0"]
[WhiteElo "2177"]
[BlackElo "2135"]
[Annotator "NA"]
[PlyCount "75"]
[EventDate "2021.12.17"]
[EventType "swiss"]
[EventCountry "POL"]
[SourceTitle "playchess.com"]
[Source "ChessBase"]
[SourceQuality "1"]

1. d4 Nf6 2. c4 g6 3. Nc3 Bg7 4. e4 d6 5. Bd3 e5 6. d5 O-O 7. Nge2 Nbd7 8. h3
Nc5 9. Bc2 a5 10. Be3 Qe7 11. Qd2 Ne8 12. g4 f5 13. exf5 gxf5 14. gxf5 Bxf5 15.
Bxf5 Rxf5 16. Ng3 Rf3 17. O-O-O Qf7 18. Rhg1 Kh8 19. Bxc5 dxc5 20. Nge4 b6 21.
Ng5 Qf5 22. Nxf3 Qxf3 23. Rg3 Qf6 24. Ne4 Qf8 25. Rdg1 Rd8 26. Kb1 Rd7 27. Qg5
Nd6 28. Qg4 Nxe4 29. Qxe4 Qxf2 30. Qg4 Qf7 31. Qe6 Qxe6 32. dxe6 Re7 33. Rd1 h6
34. Rd7 Bf6 35. Rxe7 Bxe7 36. Kc2 e4 37. Kd2 Bg5+ 38. Rxg5 1-0

[Event "European Blitz Championship 2021"]
[Site "Katowice"]
[Date "2021.12.17"]
[Round "18.22"]
[White "Wisniewski, Michal"]
[Black "Stefansson, Hannes"]
[Result "1/2-1/2"]
[WhiteElo "2215"]
[BlackElo "2519"]
[Annotator "ChessBase"]
[PlyCount "164"]
[EventDate "2021.12.17"]
[EventType "swiss"]
[EventCountry "POL"]
[SourceTitle "playchess.com"]
[Source "ChessBase"]
[SourceQuality "1"]

1. Nf3 d5 2. c4 d4 3. e3 Nc6 4. exd4 Nxd4 5. Nxd4 Qxd4 6. Nc3 c6 7. d3 Nf6 8.
Be3 Qd8 9. Be2 g6 10. Qd2 Bg7 11. O-O Ng4 12. Bxg4 Bxg4 13. d4 Qd7 14. h3 Bf5
15. Rad1 h5 16. d5 Rc8 17. Bd4 f6 18. Rfe1 Kf7 19. Bc5 Rhe8 20. Qf4 b6 21. Ba3
c5 22. b3 g5 23. Qe3 Kg6 24. Ne4 h4 25. Bb2 e5 26. dxe6 Qxe6 27. Nd6 Qxe3 28.
fxe3 g4 29. e4 Be6 30. Nxc8 Bxc8 31. hxg4 Bxg4 32. Rd6 Kf7 33. Rc6 Re7 34. Rf1
Be6 35. e5 f5 36. Rd6 Bh6 37. Rd8 Be3+ 38. Kh1 Kg6 39. Bc1 Bd4 40. Bf4 Bd7 41.
Rg8+ Kh7 42. Rg5 Bxe5 43. Bxe5 Rxe5 44. Rh5+ Kg6 45. Rxh4 Re2 46. a4 Bc6 47.
Rg1 Re3 48. Kh2 Rxb3 49. a5 Be4 50. axb6 axb6 51. Rh3 Rb2 52. Rg3+ Kf6 53. Rd1
Ke5 54. Rg7 Rc2 55. Rg6 Rb2 56. Kh3 Rb3+ 57. g3 Rb2 58. Rdd6 Bg2+ 59. Kh4 Ke4
60. Rge6+ Kf3 61. Rxb6 Rc2 62. Rb3+ Kf2 63. Re5 Rxc4+ 64. Kh5 Bh3 65. Rd3 Rc1
66. Kh4 Bg4 67. Rd8 c4 68. Rc8 Be2 69. Rxf5+ Ke3 70. Re5+ Kd2 71. Rd8+ Bd3 72.
g4 c3 73. Red5 Rh1+ 74. Kg5 Rh3 75. Rc8 c2 76. Kf4 c1=Q 77. Rxc1 Kxc1 78. g5
Kd2 79. g6 Rh1 80. g7 Rg1 81. Rg5 Rxg5 82. Kxg5 Bc4 1/2-1/2

[Event "European Blitz Championship 2021"]
[Site "Katowice"]
[Date "2021.12.17"]
[Round "18.22"]
[White "Kutowski, Marcel"]
[Black "Rigopoulos-Tsigkos, Alexandros"]
[Result "1-0"]
[WhiteElo "1936"]
[BlackElo "2152"]
[Annotator "NA"]
[PlyCount "87"]
[EventDate "2021.12.17"]
[EventType "swiss"]
[EventCountry "POL"]
[SourceTitle "playchess.com"]
[Source "ChessBase"]
[SourceQuality "1"]

1. e4 c5 2. Nf3 e6 3. c3 d5 4. exd5 Qxd5 5. d4 Nf6 6. Be3 cxd4 7. cxd4 Nc6 8.
Nc3 Qd6 9. Be2 Be7 10. O-O O-O 11. Rc1 a6 12. Qd2 b5 13. Bf4 Qd7 14. Ne5 Nxe5
15. dxe5 Qxd2 16. Bxd2 Nd7 17. Bf3 Rb8 18. Bf4 Bb7 19. Ne4 Rfc8 20. Rxc8+ Bxc8
21. Rd1 Nb6 22. Bg5 Bxg5 23. Nxg5 Bd7 24. h4 h6 25. Ne4 Bc6 26. Rd6 Bd5 27. b3
Kf8 28. Nc5 Bxf3 29. gxf3 Nc8 30. Nd7+ Ke7 31. Nxb8 Nxd6 32. exd6+ Kxd6 33.
Nxa6 Kd5 34. Kf1 Kd4 35. Ke2 Kc3 36. Nc7 b4 37. Na6 f6 38. Ke3 g5 39. h5 f5 40.
Nc5 Kb2 41. Nxe6 Kxa2 42. Nd4 f4+ 43. Kd3 Kb2 44. Ke4 1-0

[Event "European Blitz Championship 2021"]
[Site "Katowice"]
[Date "2021.12.17"]
[Round "18.23"]
[White "Mis, Mieszko"]
[Black "Gretarsson, Helgi Ass"]
[Result "1-0"]
[WhiteElo "2200"]
[BlackElo "2476"]
[Annotator "ChessBase"]
[PlyCount "107"]
[EventDate "2021.12.17"]
[EventType "swiss"]
[EventCountry "POL"]
[SourceTitle "playchess.com"]
[Source "ChessBase"]
[SourceQuality "1"]

1. d4 d5 2. c4 c6 3. Nf3 Nf6 4. Qc2 dxc4 5. Qxc4 Bf5 6. g3 e6 7. Bg2 Be7 8. O-O
O-O 9. Qb3 Qb6 10. Nbd2 Nbd7 11. Nc4 Qa6 12. Bf4 Be4 13. Bd6 Bd5 14. Bxe7 Bxc4
15. Qc2 Rfe8 16. Bxf6 Nxf6 17. Rfe1 c5 18. dxc5 Rac8 19. b4 Bd5 20. e4 Bc6 21.
a4 b5 22. Nd4 Qb7 23. axb5 Bxb5 24. e5 Nd5 25. Bxd5 exd5 26. Qc3 a6 27. Nf5 d4
28. Qxd4 Qf3 29. Qf4 Qxf4 30. gxf4 Re6 31. Nd6 Rg6+ 32. Kh1 Bc6+ 33. Ne4 Rg4
34. f3 Rxf4 35. Kg2 Ra8 36. Kg3 Rf5 37. f4 h6 38. Nd6 Rh5 39. Ra5 g5 40. f5 Rb8
41. Rxa6 Bd5 42. b5 Rh4 43. c6 h5 44. h3 Rf4 45. c7 h4+ 46. Kh2 Rf2+ 47. Kg1
Rg2+ 48. Kf1 Rf8 49. c8=Q Rxc8 50. Nxc8 Kh7 51. Ne7 Bf3 52. Ra3 Rg3 53. Ree3
Bg2+ 54. Kf2 1-0

[Event "European Blitz Championship 2021"]
[Site "Katowice"]
[Date "2021.12.17"]
[Round "18.23"]
[White "Sliwicki, Damian"]
[Black "Posluszny, Tomasz"]
[Result "0-1"]
[WhiteElo "2151"]
[BlackElo "1803"]
[Annotator "NA"]
[PlyCount "60"]
[EventDate "2021.12.17"]
[EventType "swiss"]
[EventCountry "POL"]
[SourceTitle "playchess.com"]
[Source "ChessBase"]
[SourceQuality "1"]

1. e4 e5 2. Nf3 Nc6 3. d4 exd4 4. Bc4 Nf6 5. O-O Nxe4 6. Nc3 Nd6 7. Nxd4 Nxc4
8. Nxc6 bxc6 9. Re1+ Be7 10. Bg5 f6 11. Qh5+ Kf8 12. Bf4 d5 13. b3 Nd6 14. Re2
Ba6 15. Re6 Bc8 16. Re2 Ba6 17. Re6 Qd7 18. Rae1 Re8 19. Qg4 Bc8 20. h3 Ne4 21.
Nxe4 Qxe6 22. Qf3 dxe4 23. Rxe4 Qd5 24. Qe2 Bf5 25. Re3 Kf7 26. c4 Qd4 27. Qh5+
g6 28. Qf3 Bd6 29. Bh6 Rxe3 30. Bxe3 Qa1+ 0-1

[Event "European Blitz Championship 2021"]
[Site "Katowice"]
[Date "2021.12.17"]
[Round "18.24"]
[White "Wnek, Filip"]
[Black "Sanz Wawer, Daniel"]
[Result "0-1"]
[WhiteElo "1873"]
[BlackElo "2102"]
[Annotator "NA"]
[PlyCount "126"]
[EventDate "2021.12.17"]
[EventType "swiss"]
[EventCountry "POL"]
[SourceTitle "playchess.com"]
[Source "ChessBase"]
[SourceQuality "1"]

1. e4 c6 2. d4 d5 3. exd5 cxd5 4. Bd3 Nc6 5. c3 Nf6 6. h3 g6 7. Nf3 Bf5 8. Bxf5
gxf5 9. O-O e6 10. Bf4 Rg8 11. Nbd2 Bd6 12. Bxd6 Qxd6 13. Re1 Ne4 14. Ne5 Nxe5
15. dxe5 Qxe5 16. Qa4+ Kf8 17. Nxe4 fxe4 18. Qb4+ Kg7 19. Re3 b6 20. Qe7 Kh8
21. Qxf7 Raf8 22. Qe7 Qf5 23. Rf1 Rf7 24. Qd6 Rfg7 25. g4 h5 26. f3 Qg5 27. f4
Qf5 28. g5 e5 29. Rg3 e3 30. fxe5 Qe4 31. Qh6+ Rh7 32. Qf6+ Rhg7 33. Re1 e2 34.
Qf2 Rxg5 35. Qf6+ R5g7 36. Qh6+ Qh7 37. Qxh7+ Kxh7 38. Rxg7+ Rxg7+ 39. Kh2 Kg6
40. Rxe2 Kf5 41. b3 Re7 42. Kg3 Kg5 43. h4+ Kf5 44. Rf2+ Ke4 45. Re2+ Kd3 46.
Re1 Kxc3 47. Kf4 d4 48. Ke4 d3 49. Re3 Kc2 50. Rxd3 Rxe5+ 51. Kxe5 Kxd3 52. Kd5
Ke3 53. Ke5 Kd3 54. Kd5 Ke3 55. Ke5 Kd3 56. Kd5 Kc3 57. Ke4 Kb2 58. Kf4 Kxa2
59. Kg5 Kxb3 60. Kxh5 a5 61. Kg6 a4 62. h5 a3 63. h6 a2 0-1

[Event "European Blitz Championship 2021"]
[Site "Katowice"]
[Date "2021.12.17"]
[Round "18.25"]
[White "Kukula, Pawel"]
[Black "Gumularz, Szymon"]
[Result "0-1"]
[WhiteElo "2191"]
[BlackElo "2533"]
[Annotator "ChessBase"]
[PlyCount "154"]
[EventDate "2021.12.17"]
[EventType "swiss"]
[EventCountry "POL"]
[SourceTitle "playchess.com"]
[Source "ChessBase"]
[SourceQuality "1"]

1. d4 d6 2. e4 Nf6 3. Nc3 g6 4. f3 Bg7 5. Be3 a6 6. a4 Nc6 7. d5 Nb4 8. Qd2 a5
9. Bc4 O-O 10. Nge2 c6 11. O-O Bd7 12. Bb3 Rc8 13. Bh6 Qb6+ 14. Kh1 Na6 15.
Bxg7 Kxg7 16. f4 cxd5 17. e5 Ne4 18. Nxe4 dxe4 19. Ng3 e3 20. Qe2 dxe5 21. fxe5
Be6 22. Bxe6 Qxe6 23. Qxe3 Rxc2 24. Qg5 Kh8 25. Qh6 Rg8 26. Ne4 Qg4 27. Ng3 Qc4
28. Rad1 Qc6 29. Rg1 Nc5 30. Rdf1 Rg7 31. Rf3 Ne4 32. Nxe4 Qxe4 33. Rgf1 Qe2
34. Qh3 Rd2 35. Rg1 Rd1 36. Qg3 Rxg1+ 37. Kxg1 Qd1+ 38. Rf1 Qd4+ 39. Kh1 Qd5
40. h3 Rg8 41. Rc1 Rd8 42. e6 Qxe6 43. Re1 Qf6 44. Qc7 Rd2 45. Qxb7 e6 46. Rg1
Rxb2 47. Qa8+ Kg7 48. Qxa5 Ra2 49. Qb4 Qb2 50. Qc4 Ra3 51. Rf1 Qc3 52. Qf4 f5
53. Qb8 Rxa4 54. Rd1 Ra1 55. Rxa1 Qxa1+ 56. Kh2 Qf6 57. Qc7+ Kh6 58. g3 g5 59.
Qc8 Kg7 60. Qd7+ Qf7 61. Qd4+ Kg6 62. Qe5 h6 63. h4 gxh4 64. gxh4 f4 65. Kg2
Qf5 66. Qh8 Qg4+ 67. Kf1 Qf3+ 68. Kg1 Qg4+ 69. Kf1 Qxh4 70. Qe8+ Kf5 71. Qf7+
Qf6 72. Qh7+ Ke5 73. Qc7+ Kf5 74. Qh7+ Kg4 75. Qg8+ Kh4 76. Qc8 Qf5 77. Qg8
Qd3+ 0-1

[Event "European Blitz Championship 2021"]
[Site "Katowice"]
[Date "2021.12.17"]
[Round "18.25"]
[White "Sowinski, Pawel"]
[Black "Molenda, Marcin"]
[Result "0-1"]
[WhiteElo "1548"]
[BlackElo "2097"]
[Annotator "NA"]
[PlyCount "106"]
[EventDate "2021.12.17"]
[EventType "swiss"]
[EventCountry "POL"]
[SourceTitle "playchess.com"]
[Source "ChessBase"]
[SourceQuality "1"]

1. c4 Nf6 2. g3 g6 3. Bg2 Bg7 4. Nf3 O-O 5. Nc3 d6 6. O-O e5 7. e4 Nc6 8. d3
Bg4 9. h3 Be6 10. Be3 h6 11. Qe2 Kh7 12. d4 exd4 13. Nxd4 Nxd4 14. Bxd4 Nd7 15.
Bxg7 Kxg7 16. f4 Nf6 17. f5 Bd7 18. Nd5 Bc6 19. Qd3 Bxd5 20. exd5 g5 21. Rae1
Re8 22. Qd4 Qd7 23. g4 b6 24. b4 Rxe1 25. Rxe1 Re8 26. Re3 Rxe3 27. Qxe3 Qe8
28. Qxe8 Nxe8 29. Kf2 Kf6 30. Ke3 Ke5 31. a3 Nf6 32. Bf3 Nd7 33. Bg2 a6 34. Bf3
a5 35. Bg2 Nb8 36. Bf1 axb4 37. axb4 Na6 38. b5 Nc5 39. Bg2 Nb3 40. Bf1 Nc5 41.
Bg2 Na4 42. Bf1 Nc3 43. Bd3 Nd1+ 44. Kd2 Nf2 45. Bf1 Kf4 46. Ke2 Ne4 47. Kd3
Nf2+ 48. Ke2 Kg3 49. Ke3 Nxh3 50. f6 Nf4 51. Ke4 Kxg4 52. Kd4 h5 53. Ke4 h4 0-1

[Event "European Blitz Championship 2021"]
[Site "Katowice"]
[Date "2021.12.17"]
[Round "18.26"]
[White "Lubczynski, Rafal"]
[Black "Sliwicka, Alicja"]
[Result "1-0"]
[WhiteElo "2361"]
[BlackElo "2155"]
[Annotator "NA"]
[PlyCount "103"]
[EventDate "2021.12.17"]
[EventType "swiss"]
[EventCountry "POL"]
[SourceTitle "playchess.com"]
[Source "ChessBase"]
[SourceQuality "1"]

1. Nf3 c5 2. c4 Nc6 3. d4 cxd4 4. Nxd4 e5 5. Nc2 Nf6 6. Nc3 d6 7. g3 Be6 8. Ne3
Be7 9. Bg2 O-O 10. O-O Rc8 11. b3 Qd7 12. Ba3 Rfd8 13. Qd2 Ne8 14. f4 exf4 15.
gxf4 f5 16. Rad1 Bf6 17. Ned5 Qf7 18. Nb5 Bh4 19. Qe3 a6 20. Nbc3 Bf6 21. Nxf6+
Qxf6 22. Nd5 Qf7 23. Nb6 Rc7 24. Rd3 Ne7 25. Qd2 Nc8 26. Nd5 Rcd7 27. Rd1 Nf6
28. Nc3 b5 29. cxb5 axb5 30. Nxb5 d5 31. Nd4 Ne4 32. Qb2 Rc7 33. Bb4 Bd7 34.
Ba5 Be8 35. Nf3 Bc6 36. Ne5 Qe7 37. Nxc6 Rxc6 38. Bxd8 Qxd8 39. Rxd5 Qb6+ 40.
Qd4 Ne7 41. Rd8+ Kf7 42. Qxb6 Rxb6 43. Bxe4 fxe4 44. R1d7 Re6 45. Rb8 Kf6 46.
Rbb7 Nf5 47. a4 e3 48. a5 Re4 49. Rb6+ Re6 50. Rd3 h6 51. Rxe6+ Kxe6 52. a6 1-0

[Event "European Blitz Championship 2021"]
[Site "Katowice"]
[Date "2021.12.17"]
[Round "18.26"]
[White "Karut, Kacper"]
[Black "Reimanis, Ritvars"]
[Result "1/2-1/2"]
[WhiteElo "1447"]
[BlackElo "2397"]
[Annotator "NA"]
[PlyCount "85"]
[EventDate "2021.12.17"]
[EventType "swiss"]
[EventCountry "POL"]
[SourceTitle "playchess.com"]
[Source "ChessBase"]
[SourceQuality "1"]

1. e4 e6 2. d4 d5 3. Nd2 c6 4. exd5 exd5 5. Ngf3 f5 6. c4 Nf6 7. cxd5 cxd5 8.
Bb5+ Nc6 9. O-O Be7 10. Ne5 Bd7 11. Bxc6 bxc6 12. Ndf3 O-O 13. Bg5 Ne4 14. Bxe7
Qxe7 15. Nxd7 Qxd7 16. Ne5 Qd6 17. f3 Ng5 18. Rc1 Rac8 19. Qa4 c5 20. Qxa7 c4
21. Qd7 Qxd7 22. Nxd7 Rfe8 23. Rfe1 Ne6 24. Rcd1 Rcd8 25. Nb6 Rd6 26. Na4 Ra8
27. Nc3 Rb8 28. Rd2 g6 29. Re5 Nc7 30. Rde2 Kf8 31. a4 Rd7 32. Kf2 Kf7 33. Kg3
Kf6 34. h4 Rb6 35. Kf2 Rb8 36. g4 fxg4 37. fxg4 Kf7 38. Kg3 Rb6 39. Rf2+ Kg7
40. h5 Rbd6 41. hxg6 hxg6 42. Kh4 Kh6 43. Rf8 1/2-1/2

[Event "European Blitz Championship 2021"]
[Site "Katowice"]
[Date "2021.12.17"]
[Round "18.27"]
[White "Keinanen, Toivo"]
[Black "Wilk, Krzysztof"]
[Result "1-0"]
[WhiteElo "2358"]
[BlackElo "2206"]
[Annotator "NA"]
[PlyCount "84"]
[EventDate "2021.12.17"]
[EventType "swiss"]
[EventCountry "POL"]
[SourceTitle "playchess.com"]
[Source "ChessBase"]
[SourceQuality "1"]

1. d4 d6 2. Nf3 Nd7 3. e4 c6 4. Bc4 e6 5. O-O d5 6. Bd3 dxe4 7. Bxe4 Ngf6 8.
Bd3 Be7 9. Qe2 c5 10. dxc5 Nxc5 11. Bb5+ Bd7 12. Rd1 Qc7 13. Ne5 O-O 14. Nxd7
Ncxd7 15. Bg5 Rad8 16. Nc3 a6 17. Bxd7 Rxd7 18. Rxd7 Qxd7 19. Rd1 Qc7 20. Qf3
b5 21. a3 h6 22. Bh4 Rd8 23. Rxd8+ Qxd8 24. h3 Qd2 25. Qd1 Qxd1+ 26. Nxd1 g5
27. Bg3 Bc5 28. Kf1 Bd4 29. Ke2 Kf8 30. Kd3 Bb6 31. Be5 Nd5 32. c4 bxc4+ 33.
Kxc4 Ke7 34. b4 f6 35. Bd4 Bxd4 36. Kxd4 Kd6 37. Ne3 Nf4 38. a4 f5 39. b5 axb5
40. axb5 Ne2+ 41. Kc4 Nf4 42. Kd4 Ne2+ 1-0

[Event "European Blitz Championship 2021"]
[Site "Katowice"]
[Date "2021.12.17"]
[Round "18.27"]
[White "Budzisz, Adrian"]
[Black "Wisniewski, Adrian"]
[Result "1/2-1/2"]
[WhiteElo "1985"]
[BlackElo "2351"]
[Annotator "NA"]
[PlyCount "79"]
[EventDate "2021.12.17"]
[EventType "swiss"]
[EventCountry "POL"]
[SourceTitle "playchess.com"]
[Source "ChessBase"]
[SourceQuality "1"]

1. e4 d6 2. d4 Nf6 3. Nc3 Nbd7 4. f4 e5 5. Nf3 exd4 6. Qxd4 Nc5 7. Be3 Ne6 8.
Qd2 Be7 9. O-O-O O-O 10. h3 c6 11. g4 Qc7 12. g5 Nh5 13. Rg1 b5 14. f5 b4 15.
Ne2 Nc5 16. Bxc5 dxc5 17. f6 Bd8 18. Qe3 g6 19. Qxc5 Be6 20. Kb1 Qb7 21. Nfd4
Bb6 22. Qe7 Qxe7 23. fxe7 Rfe8 24. Nxe6 fxe6 25. Rg4 Rxe7 26. Nf4 Nxf4 27. Rxf4
Rd8 28. Rxd8+ Bxd8 29. Bc4 Re8 30. h4 Bc7 31. Rf6 Be5 32. Rxe6 Rxe6 33. Bxe6+
Kf8 34. Bg4 Bg3 35. h5 Bh4 36. hxg6 hxg6 37. c3 bxc3 38. bxc3 Ke7 39. Kc2 Bxg5
40. Kd3 1/2-1/2